Veřejné finance v teorii a praxi. 2.

2. kapitola - Verejný sektor v ekonomickom účtovníctve. Verejný sektor v kolobehu fondov a v systéme národných účtov. 3. kapitola - Fiškálne inštitúcie. Prehľad fiškálneho systému USA a jeho ústavný rámec, federálne kompetencie. Pokračovanie prekladu z anglického originálu.

Gespeichert in:
Bibliographische Detailangaben
1. Verfasser: Musgrave, R.A
Weitere Verfasser: Musgraveová, P.B
Format: Buchkapitel
Sprache:Tschechisch
Schlagworte:
Tags: Tag hinzufügen
Keine Tags, Fügen Sie das erste Tag hinzu!

MARC

LEADER 00000naa a2200000 4500
001 r012231
005 20220913122220.7
041 0 |a cze 
044 |a CZ 
245 1 0 |a Veřejné finance v teorii a praxi. 2.  |c R.A. Musgrave, P.B. Musgraveová 
520 |a 2. kapitola - Verejný sektor v ekonomickom účtovníctve. Verejný sektor v kolobehu fondov a v systéme národných účtov. 3. kapitola - Fiškálne inštitúcie. Prehľad fiškálneho systému USA a jeho ústavný rámec, federálne kompetencie. Pokračovanie prekladu z anglického originálu. 
610 2 0 |a financie verejné 
610 2 0 |a sektor verejný 
610 2 0 |a účtovníctvo 
610 2 0 |a kolobeh fondov 
610 2 0 |a účty národné 
610 2 0 |a dôchodky 
610 2 0 |a politika fiškálna 
610 2 0 |a USA 
610 2 0 |a inštitúcia 
610 2 0 |a ústava 
100 1 |a Musgrave, R.A. 
700 1 |a Musgraveová, P.B.